A letter to the Earle of Pembrooke concerning the times, and the sad condition both of Prince and people.

Bibliographic Details
Main Author: Howell, James, 1594?-1666
Format: Microform Book
Language:English
Published: [London] : [publisher not identified], 1647 [i.e. 1648]
Series:Early English books, 1641-1700 ; 715:8.
Subjects:

MARC

Tag First Indicator Second Indicator Subfields
LEADER 00000cam a2200000 a 4500
001 in00000967721
005 20150927074224.0
007 hd afv|||baca
008 851127r19771648miu a 00000 eng d
035 |a (OCoLC)12854705 
035 |9 AEV4179AM 
037 |a CL0037000021  |b UMI 
037 |b University Microfilms International, 300 N. Zeeb Road, Ann Arbor, MI 48106. 
040 |a EAA  |c EAA  |d m/c  |d EAA  |d UtOrBLW 
043 |a e-uk-en 
045 |a u4u4 
049 |a TXAI 
099 |a film   |a  B   |a  3609 
100 1 |a Howell, James,  |d 1594?-1666. 
245 1 2 |a A letter to the Earle of Pembrooke concerning the times, and the sad condition both of Prince and people. 
264 1 |a [London] :  |b [publisher not identified],  |c 1647 [i.e. 1648] 
300 |a 8 unnumbered pages, pages 7-12. 
336 |a text  |b txt  |2 rdacontent 
337 |a microform  |b h  |2 rdamedia 
338 |a microfilm reel  |b hd  |2 rdacarrier 
500 |a Fourth item in a collection published under title: Some of Mr. Howell's minor works, reflecting upon the times. 
500 |a Dated by Thomason: 14 March 1648. 
500 |a Reproduction of original in Bodleian Library. 
510 4 |a Wing  |c H3085 
533 |a Microfilm.  |b Ann Arbor, Mich. :  |c University Microfilms,  |d 1977.  |e 1 microfilm reel. 35 mm.  |f (Early English books, 1641-1700 ; 715:8) 
500 |a Microform. 
651 0 |a Great Britain  |x Politics and government  |y 1642-1649  |x Sources. 
830 0 |a Early English books, 1641-1700 ;  |v 715:8. 
999 |a MARS 
999 f f |s 62d8b8f1-2336-371e-9f30-b03fc78be902  |i a2a29fde-e545-369d-8933-bd755248b9f1  |t 0 
952 f f |p default  |a Texas A&M University  |b College Station  |c Sterling C. Evans Library  |d Evans: Microforms (3rd floor)  |t 0  |e film B 3609 715:8  |h Other scheme  |i microform -- microfilm reel 
998 f f |a film B 3609 715:8  |t 0  |l Evans: Microforms (3rd floor)